|
|
|
|
| LEADER |
01518nam a2200265 a 4500 |
| 001 |
GR-Patra26360 |
| 008 |
080702s2008 gr gz 000 0 gre d |
| 040 |
|
|
|a GrPaTEI
|b gre
|c GR-PaULI
|
| 040 |
|
|
|a GrPaTEI
|b gre
|c GR-PaULI
|
| 100 |
1 |
|
|a Καρρά, Βασιλική
|
| 245 |
1 |
0 |
|a Βιομηχανίες της Πάτρας που άνθησαν απο την περίοδο του 1950-1980 και σήμερα δεν υπάρχουν :
|b ποιά η επίδρασή τους στην οικονομία της Πάτρας; Αρνητική και θετική /
|c Φοιτήτριες: Καρρά Βασιλική, Λιάπη Αριστέα ; Επιβλέπουσα καθηγήτρια: Καζάνη Αγγελική.
|
| 260 |
|
|
|a Πάτρα :
|b ΤΕΙ Πάτρας,
|c 2008
|
| 300 |
|
|
|a 111 σ. :
|b εικ., πιν.
|
| 504 |
|
|
|a Βιβλιογραφία: σ. 109
|
| 650 |
|
4 |
|a Πτυχιακή εργασία
|y 2008
|
| 651 |
|
4 |
|a Πάτρα
|x Βιομηχανία
|y 1950-1980
|
| 700 |
0 |
|
|a Καζάνη Αγγελική
|
| 700 |
1 |
|
|a Λιάπη, Αριστέα
|
| 710 |
0 |
|
|a Σ.Δ.Ο..
|b Τμήμα Διοίκησης Επιχειρήσεων
|
| 710 |
0 |
|
|a ΤΕΙ Πάτρας
|
| 856 |
4 |
0 |
|u https://nereus.library.upatras.gr/formerpat/ptyxiakes/sdo/sdo_de/2006-2010/5703pe.pdf
|
| 942 |
|
|
|2 ddc
|
| 952 |
|
|
|0 0
|1 0
|2 ddc
|4 0
|7 1
|9 308671
|a LISK
|b LISK
|c BSC
|d 2021-01-17
|e 24
|f 0
|g 0.00
|l 0
|p 9241005703
|r 2021-01-17 00:00:00
|t 1
|w 2021-01-17
|y BKN
|x 20080702 0 0
|x GrPaTEI
|
| 971 |
|
|
|a .b2673932x
|b 08-10-20
|c 26-09-16
|
| 999 |
|
|
|c 177854
|d 177854
|